A perfect copie of prayers, used by His Majestie in the time of his sufferings /

Bibliographic Details
Main Author: Charles I, King of England, 1600-1649
Other Authors: Juxon, William, 1582-1663
Format: eBook
Language:English
Published: [London? : publisher not identified], Printed Anno Domini 1649.
Series:Early English books online.
Subjects:
Online Access:Connect to the full text of this electronic book

MARC

Tag First Indicator Second Indicator Subfields
LEADER 00000nam a2200000Ia 4500
001 in00004326413
005 20200812090124.0
006 m g d
007 cr bn |||a|bb|
008 010124s1649 enk o 000 0 eng d
035 |a (OCoLC)45789218 
040 |a EAE  |c EAE  |e dcrb 
037 |a CL0037000112  |b ProQuest Information and Learning. 300 N. Zeeb Rd., Ann Arbor, MI 48106 
043 |a e-uk-en 
090 |a DA397  |b .C45 
049 |a UMIA 
100 0 |a Charles  |b I,  |c King of England,  |d 1600-1649. 
245 1 2 |a A perfect copie of prayers, used by His Majestie in the time of his sufferings /  |c delivered to Doctor Juxon ... immediatly [sic] before his death. : Also a copy of a letter from the prince. 
260 |a [London? :  |b publisher not identified],  |c Printed Anno Domini 1649. 
300 |a 1 online resource ([16] pages, pages 149-324. 
336 |a text  |b txt  |2 rdacontent 
337 |a computer  |b c  |2 rdamedia 
338 |a online resource  |b cr  |2 rdacarrier 
500 |a Extract from Eikon Basilike. 
500 |a Reproduction of original in the University of Illinois (Urbana-Champaign Campus). Library. 
500 |a Not in Wing. 
533 |a Electronic reproduction.  |b Ann Arbor, Mich. :  |c UMI,  |d 1999-  |f (Early English books online)  |n Digital version of: (Early English Books, 1641-1700 ; 2637:8c)  |7 s1999 miun s 
600 0 0 |a Charles  |b I,  |c King of England,  |d 1600-1649. 
700 1 |a Juxon, William,  |d 1582-1663. 
730 0 |a Eikon basilike. 
830 0 |a Early English books online. 
856 4 0 |u http://proxy.library.tamu.edu/login?url=https://search.proquest.com/docview/2240881291  |z Connect to the full text of this electronic book  |t 0 
999 f f |s 62ab62b8-f242-30ba-a2ad-b1950e5643d9  |i 5a775844-27cc-3705-bf13-2ed64d47cc0a  |t 0 
952 f f |a Texas A&M University  |b College Station  |c Electronic Resources  |d Available Online  |t 0  |e DA397 .C45  |h Library of Congress classification 
998 f f |a DA397 .C45  |t 0  |l Available Online